000 00306nam a2200133Ia 4500
005 20251222140046.0
008 251222s1900||||xx |||||||||||||| ||spa||
020 _a8471183021
082 _a180/F26
100 _aFarell, Walter
245 0 _aGuía de la Suma Teológica:
264 _bPalabra
942 _cLIB
999 _c3444
_d3444